[Event "FRA-chT2 North 0809"]
[Site "France"]
[Date "2009.04.05"]
[Round "11.8"]
[White "Lofi, Sarah"]
[Black "Regniez, Alexiane"]
[Result "1-0"]
[WhiteElo "1823"]
[BlackElo "1678"]
[PlyCount "63"]
[EventDate "2008.10.19"]
[EventType "team-tourn"]
[EventRounds "11"]
[EventCountry "FRA"]
[SourceTitle "EXT 2010"]
[Source "ChessBase"]
[SourceDate "2010.11.25"]
[SourceVersion "1"]
[SourceVersionDate "2010.11.25"]
[SourceQuality "1"]
[WhiteTeam "Gif sur Yvette"]
[BlackTeam "Fenain Hornaing"]
[WhiteTeamCountry "FRA"]
[BlackTeamCountry "FRA"]

1. e4 c5 2. Nf3 g6 3. d4 b6 4. Bc4 Bb7 5. d5 d6 6. 0-0 Bg7 7. Re1 Nd7 8. c3 Ne5 9. Nxe5 Bxe5 10. Bb5+ Kf8 11. Nd2 a6 12. Ba4 b5 13. Bc2 Bc8 14. Nf3 Bg4 15. h3 Bxf3 16. Qxf3 h5 17. Bd2 Nf6 18. Qe3 Nd7 19. Rad1 Qb6 20. f4 Bg7 21. Kh1 Bh6 22. Qf3 Kg8 23. e5 dxe5 24. fxe5 Bxd2 25. Rxd2 Kg7 26. e6 Nf6 27. exf7 Kxf7 28. Re6 Qd8 29. Rde2 Re8 30. d6 Kg7 31. dxe7 Qd5 32. Qxf6+ 1-0

[Event "La Fere op 7th"]
[Site "La Fere"]
[Date "2008.07.07"]
[Round "4"]
[White "Brobecker, Alain"]
[Black "Regniez, Alexiane"]
[Result "1-0"]
[WhiteElo "1758"]
[BlackElo "1670"]
[PlyCount "45"]
[EventDate "2008.07.05"]
[EventType "swiss"]
[EventRounds "9"]
[EventCountry "FRA"]
[SourceTitle "CBM 125 Extra"]
[Source "ChessBase"]
[SourceDate "2008.09.01"]
[SourceVersion "1"]
[SourceVersionDate "2008.09.01"]
[SourceQuality "1"]

1. d3 c5 2. g3 g6 3. Bg2 Bg7 4. e4 Nc6 5. Ne2 Nf6 6. 0-0 0-0 7. Nbc3 d6 8. Bg5 Bg4 9. f3 Be6 10. Nf4 Nd4 11. Nxe6 Nxe6 12. Be3 Nd7 13. Rb1 a6 14. f4 Rb8 15. Nd5 f5 16. exf5 Rxf5 17. Bh3 Rf8 18. Bxe6+ Kh8 19. c3 Nb6 20. Qb3 Nxd5 21. Qxd5 b5 22. d4 c4 23. Qe4 1-0